| 000 | 00000nas##2200000za#4500 |
| 001 | 9.509660 |
| 003 | CaOODSP |
| 005 | 20200331214200 |
| 007 | ta |
| 008 | 150406c1991||||xxc|| m #||||f| |0eng|d |
| 040 | |aCaOODSP|beng |
| 041 | |aeng |
| 041 | |afre |
| 043 | |an-cn--- |
| 086 | 1 |aSP2-6 |
| 110 | 1 |aCanada. |bQueen's Printer. |
| 245 | 10|aCanada gazette, part I. Supplement |
| 260 | |aOttawa - Ontario : |bQueen's Printer |
| 310 | |aAnnual |
| 500 | |a"Office of the Superintendent of Financial Institutions, Bank Act and Trust and Loan Companies Act".--Page [1]. |
| 500 | |aAvailable only in electronic format from 2007 edition. |
| 520 | 3 |aThe amounts reported are those of $50.00 or more payable in Canada in Canadian currency which have been unclaimed for nine years or more. |
| 563 | |aSoftcover |
| 776 | 0#|tGazette du Canada, Partie I. Supplément |w(CaOODSP)9.500176 |
| 792 | |tGazette du Canada, partie I. Supplément |efre|w(CaOODSP)9.509661 |